000 01140nam a2200313 a 4500
001 000109898
003 CHAP
005 20230530130029.0
008 140605s2014 mx | |sm |||||||spa|d
010 _a106360
011 _a107332
040 _cCHAP
090 _aTesis
100 1 _aMaldonado Fuentes, Anabel
_9127231
245 1 0 _aAnálisis de la mortalidad predestete en lechones en una granja de San Miguel Tequixtepec, Oaxaca
_h[En línea]
_cpor Anabel Maldonado Fuentes.
260 _aChapingo, Méx. :
_bEl autor,
_c2014.
500 _aPara ver el contenido del material haga clic en la liga
502 _aTesis (Ing. Agr. Esp. en Zootecnia) -- UACH. Departamento de Enseñanza, Investigación y Servicio en Zootecnia
590 _aBATCH-UPD
_b05
_c20141002
590 _aE792CSJ
_b05
_c20140605
590 _aE792CSJ
_b05
_c20140605
650 1 4 _aGanado porcino
_xProducción.
_945399
650 1 4 _aLechones
_xMortalidad.
_9127244
700 1 _aZarate Xochihua, Rosalba
_9127232
856 _aFinding aid
_uhttp://10.13.5.2/tesis/sist109898.pdf
_zTeclea aquí
901 _aBK
942 _cTESIS
_2ddc
942 _n0
_2ddc
999 _c106360
_d106360